Songs With American Place Names - 1970's - Statistics

General Stats
  • This quiz has been taken 123 times
    89 since last reset
  • The average score is 6 of 20
Answer Stats
Song Title/Year Answer % Correct
Philadelphia Freedom (1975) The Elton John Band
92%
Ventura Highway (1972) America
82%
Hollywood Nights (1978) Bob Seger And The Silver Bullet Band
69%
The Night Chicago Died (1974) Paper Lace
55%
Nantucket Sleighride (1971) Mountain
34%
The Only Living Boy In New York (1970) Simon and Garfunkel
34%
Virginia Plain (1972) Roxy Music
30%
It Never Rains In Southern California (1972) Albert Hammond
25%
Rockaway Beach (1977) Ramones
25%
Indiana Wants Me (1970) R Dean Taylor
21%
All The Way From Memphis (1973) Mott The Hoople
18%
Banks Of The Ohio (1971) Olivia Newton-John
18%
Native New Yorker (1977) Odyssey
17%
Panic In Detroit (1973) David Bowie
14%
Boston Tea Party (1976) Sensational Alex Harvey Band
13%
The WASP (Texas Radio And The Big Beat) (1971) The Doors
13%
Mississippi (1975) Pussycat
12%
New York Groove (1975) Hello
8%
From New York To L.A. (1976) Patsy Gallant
5%
Redondo Beach (1975) Patti Smith
5%
No matching quizzes found
Score Distribution
Percent of People with Each Score
Percentile by Number Answered
Your Score History
You have not taken this quiz since the last reset